000 01020nam a22003617a 4500
001 0013262
003 KOHA_MİRAKIL
005 20260207001913.0
007 ta
008 100212b2005 tu |||gr||||#0|||0|tur |
020 _a9752976085
040 _aTR-BiSEU
_btur
_cTR-BiSEU
_erda
041 0 _atur
044 _ctu
050 _aDR592.K4
_bA83 2005
100 1 _aAtatürk, Mustafa Kemal.
245 1 _aSöylev (Nutuk)/
_cMustafa Kemal Atatürk ; Mustafa Kemal Atatürk.
250 _a4. Baskı
264 1 _aİstanbul :
_bAlfa Yayınları
_c2005
300 _a639 sayfa
336 _ametin
_btxt
_2rdacontent
337 _aaracısız
_bn
_2rdamedia
338 _acilt
_bnc
_2rdacarrier
490 1 _aAlfa yayınları no ;
_v1574.
490 1 _a Başvuru no ;
_v26
650 0 _aAtatürk.
_925051
650 0 _aAtatürk--söylev.
_930956
650 0 _aNutuk.
_914167
830 1 _aAlfa yayınları no ;
_v1574.
_931274
830 1 _a Başvuru no ;
_v26
_931275
907 _aTarih
942 _2lcc
_cBK
999 _c13229
_d13229